[Event "Olympiad Women 2024"]
[Site "Budapest HUN"]
[Date "2024.09.21"]
[Round "10.42"]
[Board "3"]
[White "Chang, Yolanda"]
[Black "Kawuma Patricia"]
[Result "1-0"]
[WhiteElo "1908"]
[BlackElo "1839"]
[PlyCount "65"]
[EventDate "2024.09.11"]
[WhiteTeam "New Zealand"]
[BlackTeam "Uganda"]
[WhiteTeamCountry "NZL"]
[BlackTeamCountry "UGA"]

1. e4 e5 2. Nf3 Nc6 3. d4 exd4 4. Bc4 Nf6 5. e5 d5 6. Bb5 Ne4 7. Nxd4 Bc5 8. Be3 Bd7 9. Bxc6 bxc6 10. O-O O-O 11. f3 Ng5 12. f4 Ne4 13. Nd2 Bxd4 ({RR} 13... f6 14. Nxe4 dxe4 15. b4 Bb6 16. Qd2 a5 17. Nb3 Be6 18. Bxb6 cxb6 19. bxa5 Bxb3 20. Qxd8 Rfxd8 21. axb3 Rxa5 22. Rxa5 bxa5 23. Re1 fxe5 24. Rxe4 exf4 25. Rxf4 Rd1+ 26. Rf1 Rd2 27. Rf2 {½-½ Belozerov,A (2553)-Obukhov,A (2436) RUS-chT Sibirian Zone 2001 (3)}) 14. Bxd4 Nxd2 ({RR} 14... Bf5 15. Nxe4 Bxe4 16. Bc5 Re8 17. Qe2 Qc8 18. c3 Qb7 19. b4 a5 20. a3 h6 21. Bd4 axb4 22. axb4 Rxa1 23. Rxa1 Ra8 24. Qb2 Rxa1+ 25. Qxa1 Qb5 26. Qf1 Qa4 27. h3 Qc2 28. Qf2 Qb3 29. f5 {½-½ Fernandez,G (2181)-Yurasova,D (2005) Titled Tue 30th Jan Early 2024 (6)}) 15. Qxd2 Qe7 $146 ({RR} 15... Bf5 16. Rae1 Qd7 17. Rf3 Rfe8 18. h3 h5 19. Rg3 Re6 20. Ree3 Rb8 21. Rg5 Rg6 22. Rxg6 Bxg6 23. b3 Qc8 24. Qe2 Qf5 25. Rc3 Qxf4 26. Qf2 Qxf2+ 27. Bxf2 Be4 28. Rxc6 Rb7 29. Bd4 Kf8 30. c3 {1-0 Tolhuizen,L (2210)-Muehlbach,P (2110) Bayern-chI Bank Hofmann 5th 2001 (8)}) ({RR} 15... Bf5 16. Qf2 Rb8 17. b4 a6 18. c3 Qd7 19. h3 Rfe8 20. g4 Be4 21. f5 h6 22. Qf4 Kh7 23. Rae1 a5 24. a3 Ra8 25. Re3 axb4 26. cxb4 Qe7 27. Qg3 Ra4 28. f6 Qd7 29. fxg7 Re6 30. Rf6 {½-½ Juknis,P (2144)-Jankunas,T (1975) Panevezys op 25th 2012 (8)}) ({RR} 15... Bf5 16. Rae1 Qd7 17. Re3 Qe6 18. Qe2 Rfb8 19. Rb3 Qg6 20. Rg3 Qe6 21. b3 a5 22. a4 Rb4 23. Qf2 h6 24. h3 g6 25. Kh2 Kg7 26. Rc3 h5 27. Rc5 Rb6 28. Qd2 Rba6 29. Rf2 Qd7 30. Qc3 {1-0 Moe,M-Pihlgren,G WchT Students 14th final A 1967 (2.4)}) 16. Qc3 Rfe8 17. Rae1 g6 18. e6 fxe6 19. f5 Qg5 20. fxg6 hxg6 21. Rf3 e5 22. Bxe5 Re7 23. Bf6 Rxe1+ 24. Qxe1 Qh6 25. h4 Re8 26. Qg3 Bf5 27. Rxf5 Re3 28. Rf3 Rxf3 29. Qxf3 Qc1+ 30. Kh2 Qxc2 31. Bc3 Qa4 32. Qf6 Qxh4+ 33. Qxh4 1-0

[Event "Olympiad Women 2024"]
[Site "Budapest HUN"]
[Date "2024.09.21"]
[Round "10.42"]
[Board "4"]
[White "Takali Milly"]
[Black "Braganza, Nadia"]
[Result "0-1"]
[WhiteElo "1707"]
[BlackElo "1892"]
[PlyCount "140"]
[EventDate "2024.09.11"]
[WhiteTeam "Uganda"]
[BlackTeam "New Zealand"]
[WhiteTeamCountry "UGA"]
[BlackTeamCountry "NZL"]

1. d4 d5 2. Bf4 Nf6 3. e3 e6 4. Nf3 Bd6 5. Ne5 O-O 6. Nd2 c5 7. c3 Qc7 8. Bd3 Nc6 9. Ndf3 h6 10. h3 Nd7 11. Nxd7 Bxd7 12. Bxd6 Qxd6 13. O-O e5 $146 ({RR} 13... Rad8 14. dxc5 Qxc5 15. Qc2 e5 16. Bh7+ Kh8 17. Bf5 e4 18. Bxd7 Rxd7 19. Nd2 f5 20. Rad1 Ne5 21. Nb3 Qb6 22. Rd4 Qg6 23. Kh1 Nd3 24. Nc1 Ne5 25. Rfd1 Qf7 26. Ne2 Rfd8 27. R4d2 g5 28. b3 {0-1 Narayanan,S (2559)-Kovalenko,I (2674) Airthings Masters Play-In 2023 (4)}) ({RR} 13... Rad8 14. Bb5 Nxd4 15. Nxd4 cxd4 16. Bxd7 Rxd7 17. Qxd4 b6 18. Rfd1 Rc8 19. Qg4 Rc4 20. Rd4 Rdc7 21. Rad1 Qe5 22. Rxc4 Rxc4 23. Rd4 Qf5 {½-½ Grabinsky,A (2417)-Tang,A (2531) Charlotte Open 2023 (3.2)}) 14. Bb5 cxd4 15. Bxc6 bxc6 16. exd4 e4 17. Ne5 Bf5 18. Qh5 Bh7 19. Qe2 f6 20. Ng4 f5 21. Ne5 f4 22. Qa6 Rfc8 23. b4 f3 24. Rfe1 Qf6 25. Re3 Qg5 26. g3 Bf5 27. Kh2 Bxh3 28. Qb7 Be6 29. Rh1 Rab8 30. Qa6 Rc7 31. a4 Bh3 32. Kg1 Bg2 33. Rh4 h5 34. Qa5 Rcb7 35. Qc5 Rf8 36. Qxc6 Rb6 37. Qxd5+ Kh7 38. Qxe4+ g6 39. Nd7 Rf7 40. Nxb6 axb6 41. Qe5 Qh6 42. Qd5 Kg7 43. Rhe4 h4 44. Qe5+ Kg8 45. Rxh4 Qg7 46. Qxg7+ Kxg7 47. d5 Ra7 48. b5 Rd7 49. Rd4 Kf7 50. d6 g5 51. Re5 Kf6 52. Re8 Rh7 53. Rh4 gxh4 54. g4 Rd7 55. Rc8 Rxd6 56. Rc6 Ke5 57. Rxd6 Kxd6 58. Kh2 Bf1 59. g5 Ke5 60. Kg1 Bc4 61. Kh2 Kf5 62. g6 Kxg6 63. Kh3 Kg5 64. Kh2 Kg4 65. Kh1 Bb3 66. a5 bxa5 67. b6 Bd5 68. c4 Bb7 69. c5 a4 70. Kh2 a3 0-1

[Event "Olympiad Women 2024"]
[Site "Budapest HUN"]
[Date "2024.09.21"]
[Round "10.43"]
[Board "1"]
[White "Gong, Qianyun"]
[Black "Quevedo, Andreina"]
[Result "1-0"]
[WhiteElo "2250"]
[BlackElo "1851"]
[PlyCount "81"]
[EventDate "2024.09.11"]
[WhiteTeam "Singapore"]
[BlackTeam "Uruguay"]
[WhiteTeamCountry "SIN"]
[BlackTeamCountry "URU"]

1. e4 d6 2. d4 Nf6 3. Nc3 e5 4. Nf3 Nbd7 5. Bc4 Be7 6. O-O O-O 7. Re1 c6 8. a4 h6 9. h3 Re8 10. a5 Rb8 ({RR} 10... Qc7 11. Be3 exd4 12. Nxd4 Bf8 13. Bf4 Ne5 14. Bb3 Bd7 15. Bg3 Rad8 16. f4 Ng6 17. Qf3 Bc8 18. Bf2 b5 19. axb6 axb6 20. g4 b5 21. Nf5 b4 22. Ra7 Bb7 23. Na4 Ra8 24. Rxa8 Bxa8 25. Nb6 {½-½ Dominguez Perez,L (2758)-Bruzon Batista,L (2644) Cuba Cup online 1st blitz 2020 (5.2)}) 11. Be3 b5 12. axb6 axb6 13. Bb3 $146 ({RR} 13. d5 b5 14. dxc6 bxc4 15. Ra7 Bb7 16. Rxb7 Rxb7 17. cxb7 Qc7 18. Qe2 Qxb7 19. Qxc4 Qxb2 20. Rb1 Qa3 21. Rb7 Qa8 22. Rc7 Nf8 23. Nh4 Ne6 24. Ra7 Qc8 25. Qb3 Nd4 26. Bxd4 exd4 27. Nf5 Qxc3 {1-0 Brkic,A (2595)-Sanal,V (2581) Online Olym Div Top-C rapid 2020 (7.2)}) ({RR} 13. d5 c5 14. Nd2 Nf8 15. Bb5 Bd7 16. Qb1 Nh5 17. b4 Bg5 18. Bxd7 Nxd7 19. Nc4 Bxe3 20. Rxe3 cxb4 21. Qxb4 Nc5 22. Nb5 Nf4 23. Ncxd6 Qg5 24. g3 Nxh3+ 25. Kh2 Nxf2 26. Rf3 Ng4+ 27. Kg2 Ne3+ {0-1 Pajeken,J (2426)-Sanal,V (2567) Titled Tue 30th Jan Early 2024 (1)}) ({RR} 13. d5 b5 14. dxc6 bxc4 15. Ra7 Bb7 16. Rxb7 Rxb7 17. cxb7 Qc7 18. Nd2 Qxb7 19. Nxc4 Qb4 20. Qd3 d5 21. exd5 e4 22. Qe2 Rc8 23. Nd2 Qxb2 24. Ncxe4 Rxc2 25. d6 Bf8 26. Qd3 Rc1 27. Rxc1 Qxc1+ {½-½ Hamblok,R (2320)-Hopman,P (2335) Wachtebeke 2017 (2)}) ({RR} 13. b4 d5 14. exd5 Bxb4 15. Bd2 cxd5 16. Nxd5 Bxd2 17. Qxd2 e4 18. Nxf6+ Qxf6 19. Bb5 Re7 20. Nh2 Nf8 {½-½ Pijpers,A (2469)-Hopman,P (2354) BEL-chT 1617 2016 (8.2)}) 13... exd4 14. Nxd4 Qc7 15. Bf4 Bf8 16. Ndb5 cxb5 17. Nxb5 Qc6 18. Nxd6 Bxd6 19. Qxd6 Qxd6 20. Bxd6 Rb7 21. e5 Nxe5 22. Rxe5 Rxe5 23. Bxe5 Be6 24. Ra8+ Kh7 25. Bxe6 fxe6 26. Rb8 Rxb8 27. Bxb8 Kg6 28. Kf1 Kf5 29. Ke2 b5 30. Kd3 e5 31. c4 bxc4+ 32. Kxc4 g5 33. b4 g4 34. hxg4+ Nxg4 35. Ba7 e4 36. Kd5 Nf6+ 37. Kc6 Ke6 38. b5 Nd5 39. b6 Ne7+ 40. Kc5 Kd7 41. b7 1-0

[Event "Olympiad Women 2024"]
[Site "Budapest HUN"]
[Date "2024.09.21"]
[Round "10.43"]
[Board "2"]
[White "Fabra, Nahiara"]
[Black "Pang, Kay Yan Eden"]
[Result "0-1"]
[WhiteElo "1932"]
[BlackElo "1847"]
[PlyCount "82"]
[EventDate "2024.09.11"]
[WhiteTeam "Uruguay"]
[BlackTeam "Singapore"]
[WhiteTeamCountry "URU"]
[BlackTeamCountry "SIN"]

1. e4 c5 2. Nf3 e6 3. d4 cxd4 4. c3 dxc3 5. Nxc3 Nc6 6. Bc4 a6 7. O-O Nge7 8. Bg5 h6 9. Be3 Ng6 10. Bb3 d6 ({RR} 10... Be7 11. Na4 d6 12. Nb6 Rb8 13. Rc1 O-O 14. Ba4 Bd7 15. Nd4 Nge5 16. Nxd7 Qxd7 17. f4 b5 18. Bb3 Nxd4 19. Bxd4 Nc6 20. Bc3 a5 21. Qg4 g6 22. f5 h5 23. Qg3 Kh7 24. Bxe6 Qa7+ 25. Kh1 {1-0 Mosadeghpour,M (2511)-Sarana,A (2685) Titled Tuesday intern op 01st Mar Early blitz 2022 (7)}) 11. Rc1 ({RR} 11. Nd4 Be7 12. f4 O-O 13. Qh5 Na5 14. Nxe6 Bxe6 15. Bxe6 fxe6 16. Qxg6 Bf6 17. e5 Be7 18. Qxe6+ Rf7 19. Rad1 Qc8 20. Qxc8+ Rxc8 21. e6 Rff8 22. Nd5 Rfe8 23. b3 Bf8 24. f5 Nc6 25. Rc1 Ne5 {1-0 Domingo Nunez,A (2318)-Castro Silva,M (2260) Titled Tue 6th Aug Late 2024 (5)}) 11... Be7 $146 ({RR} 11... Bd7 12. Na4 b5 13. Nb6 Rb8 14. Nxd7 Qxd7 15. Rxc6 Qxc6 16. Nd4 Qxe4 17. Nxe6 fxe6 18. Bc2 Qd5 19. Bxg6+ Kd7 20. Qg4 h5 21. Qb4 Be7 22. Re1 Rhf8 23. b3 h4 24. Qg4 Rbc8 25. Be4 Qe5 26. Bb7 {0-1 De Vleeschauwer,M (2198)-Nurmanova,A (2093) Veliko Gradiste Silver Lake op-A 2021 (6)}) 12. Qe2 O-O 13. Rfd1 Bd7 14. Na4 b5 15. Nb6 Rb8 16. Nxd7 Qxd7 17. Rd2 Qb7 18. Rcd1 Na5 19. Bd4 Nxb3 20. axb3 e5 21. Be3 Qxe4 22. g3 Qb4 23. Rc2 Qxb3 24. Rc3 Qe6 25. Rc6 a5 26. Bb6 Rfc8 27. Rxc8+ Qxc8 28. Qxb5 Qb7 29. Qxa5 Qxb6 30. Qxb6 Rxb6 31. Rb1 Bf6 32. Nd2 d5 33. f3 Ne7 34. b3 Nc6 35. Kf2 Be7 36. Ke3 Bc5+ 37. Ke2 f5 38. Rc1 Nd4+ 39. Kd3 e4+ 40. fxe4 fxe4+ 41. Kc3 Ne2+ 0-1

[Event "Olympiad Women 2024"]
[Site "Budapest HUN"]
[Date "2024.09.21"]
[Round "10.43"]
[Board "3"]
[White "Koh, Wei Le Gladys"]
[Black "Silva Rosas, Natalia"]
[Result "1-0"]
[WhiteElo "1788"]
[BlackElo "1868"]
[PlyCount "155"]
[EventDate "2024.09.11"]
[WhiteTeam "Singapore"]
[BlackTeam "Uruguay"]
[WhiteTeamCountry "SIN"]
[BlackTeamCountry "URU"]

1. e4 d5 2. exd5 Qxd5 3. Nc3 Qd6 4. d4 c6 5. Nf3 Bf5 6. Be3 ({RR} 6. Ne5 Nd7 7. Nc4 Qf6 8. d5 Ne5 9. dxc6 bxc6 10. Qe2 Nxc4 11. Qxc4 Qe6+ 12. Qxe6 Bxe6 13. Bf4 g6 14. Ba6 Bc8 15. Be2 Bh6 16. Bf3 Bb7 17. Bxh6 Nxh6 18. O-O-O Nf5 19. Rhe1 Rd8 20. Ne4 O-O {1-0 Sukandar,I (2415)-Tiviakov,S (2662) Jakarta Japfa 2015 (4)}) 6... e6 7. Bc4 ({RR} 7. Qd2 Nf6 8. Bf4 Qd8 9. Bd3 Bxd3 10. Qxd3 Nbd7 11. h3 h6 12. O-O-O Bb4 13. g4 Qa5 14. Kb1 Bxc3 15. Qxc3 Qxc3 16. bxc3 Nb6 17. Ne5 Nfd5 18. Bd2 f6 19. Ng6 Rg8 20. Nf4 Kf7 21. Kb2 Nc4+ {0-1 Vincenti,L (2196)-Reprintsev,A (2227) Titled Tue 3rd Oct Early 2023 (9)}) 7... Nf6 8. h3 $146 ({RR} 8. O-O Nbd7 9. Qd2 Be7 10. a3 Nb6 11. Bb3 O-O 12. Rad1 Rac8 13. Ne5 Nbd5 14. Nxd5 Nxd5 15. c4 Nxe3 16. fxe3 Rfd8 17. c5 Qb8 18. Rxf5 exf5 19. Nxf7 Rf8 20. Nd6+ Kh8 21. Nxc8 Qxc8 22. Rf1 Bg5 {0-1 Dehm,D (1099)-Martin,J (1576) Baden-ch U12 2012 (5)}) 8... h5 9. Qe2 Nbd7 10. O-O-O Nb6 11. Bb3 Nfd5 12. Nxd5 Nxd5 13. Bg5 Qc7 14. g3 Be7 15. Bxe7 Nxe7 16. Ne5 Bg6 17. d5 exd5 18. Nxg6 fxg6 19. Rhe1 Rd8 20. c4 Rd7 21. cxd5 cxd5+ 22. Kb1 O-O 23. Ba4 Nc6 24. g4 Re7 25. Qd3 Qa5 26. Rxe7 Nxe7 27. Bb3 h4 28. Qe2 Qc5 29. Qe6+ Kh7 30. Rc1 Qb4 31. Re1 Nc6 32. Bxd5 Nd4 33. Qe7 Qxe7 34. Rxe7 Rxf2 35. a4 b6 36. Re4 Nf3 37. Ka2 Ng5 38. Re5 Kh6 39. Re7 a5 40. Rb7 Rd2 41. Bh1 Nxh3 42. Rxb6 Nf2 43. Bf3 Rd4 44. b3 Nxg4 45. Rb5 Rf4 46. Bc6 Ne3 47. Rxa5 Rf2+ 48. Kb1 h3 49. Rc5 Nf1 50. Rc1 h2 51. Rc2 Nd2+ 52. Kb2 Kg5 53. a5 Kf4 54. Bh1 Ke3 55. b4 Rf1 56. Rc1 Rf4 57. Ka3 g5 58. a6 Nc4+ 59. Ka4 Nb6+ 60. Kb5 Kd2 61. Ra1 Nc8 62. Kc5 Na7 63. Bd5 Rf5 64. Ra2+ Ke3 65. Rxh2 Rf6 66. b5 Nc8 67. Bb7 Nb6 68. Bc6 Na4+ 69. Kb4 Nb6 70. Ra2 Rf4+ 71. Kc5 Nc8 72. Bd7 Rf8 73. Bxc8 Rxc8+ 74. Kd6 g4 75. b6 g3 76. b7 Rf8 77. a7 Rf6+ 78. Ke5 1-0

[Event "Olympiad Women 2024"]
[Site "Budapest HUN"]
[Date "2024.09.21"]
[Round "10.43"]
[Board "4"]
[White "Cardozo, Camila"]
[Black "Fang, Kun"]
[Result "0-1"]
[WhiteElo "1673"]
[BlackElo "1769"]
[PlyCount "27"]
[EventDate "2024.09.11"]
[WhiteTeam "Uruguay"]
[BlackTeam "Singapore"]
[WhiteTeamCountry "URU"]
[BlackTeamCountry "SIN"]

1. d4 d5 2. Bf4 Nf6 3. e3 c5 4. Nf3 Nc6 5. Nbd2 Bf5 6. c3 Qb6 ({RR} 6... e6 7. Be2 Be7 8. O-O O-O 9. Ne5 Nxe5 10. Bxe5 Nd7 11. Bg3 a6 12. c4 cxd4 13. exd4 dxc4 14. Nxc4 Rc8 15. Nd6 Bxd6 16. Bxd6 Re8 17. Bf3 Qb6 18. Ba3 Nf6 19. Rc1 Be4 20. Bxe4 Nxe4 21. Qd3 {0-1 Bernadskiy,V (2629)-Fedoseev,V (2678) Titled Tuesday intern op 4th Aug 10am blitz 2020 (6)}) 7. Nh4 ({RR} 7. b3 h6 8. h3 e6 9. a4 a6 10. Be2 Be7 11. a5 Qd8 12. dxc5 Bxc5 13. b4 Be7 14. Nb3 Ne4 15. Rc1 Nxc3 16. Rxc3 Bxb4 17. Qc1 Nxa5 18. O-O Bxc3 19. Qxc3 Nxb3 20. Qxb3 b5 21. Qa3 Qd7 {1-0 Mu,W (1552)-Ge,Y Chinese Youth G14 2024 (1.8)}) 7... Bg4 8. f3 $146 ({RR} 8. Qb3 c4 9. Qc2 e6 10. h3 Bh5 11. g4 Bg6 12. Nxg6 hxg6 13. Bg2 Qd8 14. b3 cxb3 15. Qxb3 Qd7 16. Rb1 b6 17. Qa4 Rc8 18. O-O Bd6 19. Bxd6 Qxd6 20. Rfc1 Qd7 21. c4 Na5 22. Qxd7+ Kxd7 {1-0 Markowski,D (2098)-Maciaszek,K (1889) TCh-POL 2nd League 2023 (1.87)}) ({RR} 8. Qb3 c4 9. Qc2 h6 10. h3 Bh5 11. Bh2 g5 12. g4 gxh4 13. gxh5 e6 14. O-O-O Qa5 15. Kb1 O-O-O 16. e4 b5 17. Bg2 Rg8 18. Rhg1 b4 19. exd5 Nxd5 20. Nxc4 Qb5 21. Ne3 bxc3 22. Nxd5 exd5 {1-0 Andersen,J (2155)-Guggenberger,G (1935) Bad Woerishofen opA 35th 2019 (1.29)}) 8... Bd7 9. Qc2 h6 10. Be5 cxd4 11. Bxd4 Nxd4 12. exd4 g5 13. Nf5 Qe6+ 14. Be2 0-1

[Event "Olympiad Women 2024"]
[Site "Budapest HUN"]
[Date "2024.09.21"]
[Round "10.44"]
[Board "1"]
[White "Smith, Olivia"]
[Black "Bwalya Mulwale, Lubuuto"]
[Result "1/2-1/2"]
[WhiteElo "2087"]
[BlackElo "1852"]
[PlyCount "135"]
[EventDate "2024.09.11"]
[WhiteTeam "Wales"]
[BlackTeam "Zambia"]
[WhiteTeamCountry "WLS"]
[BlackTeamCountry "ZAM"]

1. e4 c5 2. Nc3 d6 3. d4 cxd4 4. Qxd4 Nc6 5. Qd2 Nf6 6. b3 g6 7. Bb2 Bg7 8. O-O-O Be6 9. f3 O-O 10. Kb1 a5 11. Bb5 Qc7 $146 ({RR} 11... Qb6 12. Nge2 Rfc8 13. h4 h5 14. Nf4 Nb4 15. Nxe6 fxe6 16. a3 Rxc3 17. Qxc3 Qxb5 18. axb4 axb4 19. Qc4 Qa5 20. Qxe6+ Kf8 21. Kc1 Bh6+ 22. Rd2 Bxd2+ 23. Kxd2 Qd8 24. g4 Qd7 25. Qxd7 Nxd7 26. gxh5 {1-0 Xu,X (2565)-Keymer,V (2508) Sitges Sunway op-A 5th 2018 (10)}) ({RR} 11... Qb6 12. Nge2 Rfc8 13. g4 a4 14. bxa4 Na5 15. g5 Nd7 16. Nd4 Nc4 17. Qd3 Nxb2 18. Kxb2 Bc4 19. Qd2 e5 20. Nb3 Bxb5 21. axb5 Bf8 22. a4 Nc5 23. Nxc5 Qxc5 24. Nd5 Rxa4 25. b6 Qa3+ {0-1 Antunes,L (2045)-Wael Sabry,M (2033) Titled Tue 30th Apr Late 2024 (4)}) 12. Nge2 Rfc8 13. Nf4 Nd8 14. g4 Qc5 15. a4 Nxg4 16. Ncd5 Bxd5 17. Nxd5 Bxb2 18. Kxb2 Nf2 19. Nxe7+ Kg7 20. Nxc8 Rxc8 21. Rhf1 Nxd1+ 22. Rxd1 Ne6 23. Bc4 Rd8 24. Qc3+ Qe5 25. Rd5 Qxc3+ 26. Kxc3 b6 27. Rb5 Rb8 28. Bxe6 fxe6 29. Kd4 Kf7 30. b4 axb4 31. a5 Ke7 32. Rxb4 Kd7 33. c4 e5+ 34. Kd5 Rc8 35. Rb5 bxa5 36. Rxa5 Rc7 37. h4 h6 38. c5 dxc5 39. Ra6 c4 40. Rxg6 c3 41. Rg1 c2 42. Rc1 Rc3 43. Kxe5 Rxf3 44. Rxc2 Rh3 45. Rg2 Rxh4 46. Rg7+ Ke8 47. Kf5 Rh5+ 48. Ke6 Rg5 49. Re7+ Kf8 50. Ra7 Rg6+ 51. Kf5 Rb6 52. e5 h5 53. Rh7 Rc6 54. Rxh5 Rb6 55. Rh7 Rc6 56. Ke4 Ke8 57. Kd5 Rg6 58. Rc7 Rb6 59. Rc8+ Ke7 60. Ra8 Rh6 61. Ra7+ Ke8 62. e6 Rh1 63. Kd6 Rd1+ 64. Kc5 Re1 65. Ra8+ Ke7 66. Kd5 Rd1+ 67. Ke5 Re1+ 68. Kf5 1/2-1/2

[Event "Olympiad Women 2024"]
[Site "Budapest HUN"]
[Date "2024.09.21"]
[Round "10.44"]
[Board "2"]
[White "Likando Namakau"]
[Black "Smith, Lynda"]
[Result "1/2-1/2"]
[WhiteElo "1746"]
[BlackElo "1831"]
[PlyCount "72"]
[EventDate "2024.09.11"]
[WhiteTeam "Zambia"]
[BlackTeam "Wales"]
[WhiteTeamCountry "ZAM"]
[BlackTeamCountry "WLS"]

1. e4 c5 2. c3 g6 3. d4 cxd4 4. cxd4 d5 5. e5 Nc6 6. Bb5 Qb6 ({RR} 6... Bd7 7. Nc3 e6 8. Nf3 Bb4 9. O-O Bxc3 10. Bxc6 Bxc6 11. bxc3 Qa5 12. a4 h6 13. Ba3 Bxa4 14. Qc1 Bb5 15. Re1 a6 16. Be7 Qc7 17. Bf6 Nxf6 18. exf6 Rc8 19. Re3 g5 20. Ne5 Qd8 21. Rh3 {1-0 Grischuk,A (2777)-Berchtenbreiter,M (2488) PRO League Stage rapid 2020 (4)}) ({RR} 6... Nh6 7. h3 Nf5 8. Bxc6+ bxc6 9. Nf3 Ba6 10. Nc3 h5 11. e6 f6 12. Qa4 Qc8 13. Nxd5 Qxe6+ 14. Ne3 Bb5 15. Qc2 Bh6 16. Bd2 Bxe3 17. fxe3 Nxe3 18. Qxg6+ Kd8 19. Kf2 Rg8 20. Qxg8+ Qxg8 21. Bxe3 {0-1 Rodriguez Avila,A (2190)-Blit,J (2309) Titled Tue 30th Jan Early 2024 (5)}) 7. Nc3 e6 8. Nge2 Bg7 $146 ({RR} 8... Nge7 9. O-O Bg7 10. Bd2 Bd7 11. a4 Nxd4 12. Nxd4 Qxd4 13. Bxd7+ Kxd7 14. Nb5 Qh4 15. f4 Nf5 16. Be1 Qd8 17. Bf2 Qa5 18. g4 a6 19. Nc3 Nh6 20. b4 Qc7 21. Rc1 Qc4 22. Nb5 Qxb4 23. Rc7+ {1-0 Rico Galiano,A-Hernandez Roldan,M Andalucia-chT 1993 (1)}) 9. Be3 Nh6 10. Ng3 Bd7 11. O-O O-O 12. h3 Kh8 13. Qd2 Ng8 14. Rac1 f6 15. Bxc6 Bxc6 16. exf6 Bxf6 17. Rfe1 Bd7 18. Nce2 Rac8 19. Rxc8 Rxc8 20. Rc1 Rc6 21. Kh1 Qd8 22. Rxc6 Bxc6 23. Bf4 Bb5 24. Qe3 Qd7 25. Be5 Qg7 26. Bxf6 Qxf6 27. Nf4 Bd7 28. Nd3 Ne7 29. Ne5 Bc6 30. Kg1 Kg7 31. a3 Nf5 32. Nxf5+ Qxf5 33. Qc3 Qb1+ 34. Kh2 Qf5 35. Kg1 Qb1+ 36. Kh2 Qf5 1/2-1/2

[Event "Olympiad Women 2024"]
[Site "Budapest HUN"]
[Date "2024.09.21"]
[Round "10.44"]
[Board "3"]
[White "Chong, Kimberly"]
[Black "Mbatha, Constance"]
[Result "0-1"]
[WhiteElo "1779"]
[BlackElo "1799"]
[PlyCount "56"]
[EventDate "2024.09.11"]
[WhiteTeam "Wales"]
[BlackTeam "Zambia"]
[WhiteTeamCountry "WLS"]
[BlackTeamCountry "ZAM"]

1. e4 e5 2. Nf3 d6 3. d4 exd4 4. Nxd4 Nf6 5. Nc3 Be7 6. Bf4 O-O 7. Qd2 Nbd7 8. Nf5 ({RR} 8. O-O-O Nc5 9. f3 a6 10. g4 b5 11. Kb1 b4 12. Nce2 Bd7 13. Ng3 Qb8 14. g5 Ne8 15. Ngf5 Bd8 16. Bc4 a5 17. h4 Na4 18. Rdg1 Nb6 19. Bb5 Bxb5 20. Nxb5 a4 21. Qxb4 a3 22. b3 c5 {1-0 Ter Sahakyan,S (2640)-Dimakiling,O (2409) Titled Tuesday intern op 6th June blitz 2020 (9)}) ({RR} 8. O-O-O c6 9. Be2 Nc5 10. f3 a5 11. g4 a4 12. Nf5 Bxf5 13. gxf5 Kh8 14. Bxd6 a3 15. b3 Bxd6 16. Qxd6 Qa5 17. Nb1 Rad8 18. Qe7 Rde8 19. Qd6 Rd8 20. Qe5 Nxb3+ {0-1 Keller,P (2328)-Bobadilla Viera,J (2397) Titled Tue 6th Feb Late 2024 (4)}) 8... Nc5 9. Nxe7+ Qxe7 10. f3 Be6 $146 ({RR} 10... Ne6 11. Be3 a6 12. Bc4 b5 13. Nd5 Nxd5 14. Bxd5 Rb8 15. Ba7 c6 16. Bxb8 cxd5 17. O-O-O Bb7 18. Ba7 dxe4 19. Qxd6 Qg5+ 20. Qd2 exf3 21. gxf3 Qe7 22. Qe3 Bxf3 23. Qxf3 Qxa7 24. Rhe1 Rc8 25. Qd5 {1-0 Kurilov,V (2312)-Androsov,S (2097) St Petersburg June op 2008 (3)}) ({RR} 10... Ne6 11. Be3 Bd7 12. g4 Bc6 13. h4 Rfe8 14. O-O-O Nc5 15. Bxc5 dxc5 16. Qg2 a6 17. h5 Qe5 18. g5 Nd7 19. h6 g6 20. Qg4 Qe7 21. Nd5 Bxd5 22. Rxd5 Rad8 23. Qf4 c6 24. Rd1 Ne5 25. Rxd8 {½-½ Uhde,H (1553)-Puke,C (1565) Steinfurt Bezirksliga 1112 2011 (9.4)}) 11. O-O-O a6 12. g4 b5 13. h4 b4 14. Nd5 Bxd5 15. exd5 Rfb8 16. b3 a5 17. g5 Nh5 18. Re1 Qf8 19. Bh3 a4 20. Be3 axb3 21. cxb3 g6 22. Bg4 Ra3 23. Bxc5 dxc5 24. Bd7 Qg7 25. Qb2 Nf4 26. Rd1 Ne2+ 27. Qxe2 Qa1+ 28. Kd2 Qc3# 0-1

[Event "Olympiad Women 2024"]
[Site "Budapest HUN"]
[Date "2024.09.21"]
[Round "10.44"]
[Board "4"]
[White "Mwale, Naomi"]
[Black "Kong, Emma Zihan"]
[Result "1-0"]
[WhiteElo "1767"]
[BlackElo "1747"]
[PlyCount "67"]
[EventDate "2024.09.11"]
[WhiteTeam "Zambia"]
[BlackTeam "Wales"]
[WhiteTeamCountry "ZAM"]
[BlackTeamCountry "WLS"]

1. e4 c5 2. Nf3 a6 3. Be2 b5 ({RR} 3... d6 4. O-O Nf6 5. c3 Nbd7 6. Qc2 Qc7 7. Re1 g6 8. d4 cxd4 9. Nxd4 Bg7 10. c4 O-O 11. Nc3 b6 12. Be3 e6 13. Rac1 Bb7 14. f3 Rac8 15. Bf1 d5 16. cxd5 exd5 17. exd5 Qd6 18. Qd2 {½-½ Najer,E (2674)-Artemiev,V (2676) Moscow Nutcracker-A rap rapid 2015 (5.1)}) 4. O-O Bb7 5. d3 ({RR} 5. a4 b4 6. d4 cxd4 7. Nbd2 e6 8. Nxd4 Be7 9. e5 d6 10. exd6 Bxd6 11. Nc4 Be7 12. a5 Qd5 13. Bf3 Qxc4 14. Bxb7 Ra7 15. Bf3 Rd7 16. Be3 Bf6 17. Qe2 Rxd4 18. Bxd4 Qxd4 19. Rfd1 Qa7 {½-½ Potikha,S (1525)-Allahverdi,Z (1698) 32nd EY Girls U12 2024 (3.13)}) 5... g6 6. Nbd2 $146 ({RR} 6. Bd2 Bg7 7. Bc3 Nf6 8. Qc1 Nc6 9. Bd2 d5 10. exd5 Nxd5 11. Bh6 O-O 12. Bxg7 Kxg7 13. Qd2 b4 14. c4 Nc7 15. b3 e5 16. Qb2 f6 17. Nbd2 Ne6 18. Rfe1 Ncd4 19. Nxd4 Nxd4 20. Bf1 Qb6 {0-1 Bocca,E (1638)-De Paula,G (1856) Goiania STD op 2018 (4)}) ({RR} 6. a4 Bg7 7. c3 Nc6 8. Qc2 Nf6 9. Na3 b4 10. Nc4 d5 11. exd5 Nxd5 12. Bd2 O-O 13. a5 Rc8 14. Rfe1 Qc7 15. Bf1 Rfd8 16. h3 h6 17. Re4 e6 18. Ree1 Rd7 19. Re2 bxc3 20. bxc3 Ncb4 {0-1 Hommadov,A (2070)-Kazakouski,V (2558) Titled Tue 26th Sep Early 2023 (2)}) ({RR} 6. c3 Bg7 7. a4 b4 8. cxb4 cxb4 9. a5 Nc6 10. Qa4 Nf6 11. Nbd2 d5 12. e5 Nd7 13. d4 f6 14. exf6 Bxf6 15. Nb3 O-O 16. Re1 e5 17. Bh6 e4 18. Bxf8 exf3 19. Bxf3 Kxf8 20. Bxd5 Nb6 {1-0 Pavlovic,D (2390)-Kazakouski,V (2473) Titled Tuesday intern op 03rd Nov blitz 2020 (10)}) 6... Bg7 7. h3 e6 8. Nh2 Ne7 9. f4 O-O 10. Ndf3 d6 11. Rb1 c4 12. Be3 Qa5 13. a3 c3 14. bxc3 Bxc3 15. Rb3 Bg7 16. Ng4 f5 17. Nf2 e5 18. Ng5 Bc8 19. d4 h6 20. fxe5 hxg5 21. Bxg5 Nec6 22. exf5 Bxf5 23. Ng4 Qb6 24. Be3 Qd8 25. Nh6+ Kh7 26. Nxf5 Rxf5 27. Rxf5 gxf5 28. Bd3 Qh4 29. Bxf5+ Kh8 30. Kh2 Qe7 31. Qh5+ Kg8 32. Bg5 Qc7 33. Be6+ Kf8 34. Rf3+ 1-0

[Event "Olympiad Women 2024"]
[Site "Budapest HUN"]
[Date "2024.09.21"]
[Round "10.45"]
[Board "1"]
[White "Johnson, Gabriella"]
[Black "Sanudula, K M Dahamdi"]
[Result "0-1"]
[WhiteElo "1896"]
[BlackElo "2023"]
[PlyCount "96"]
[EventDate "2024.09.11"]
[WhiteTeam "Trinidad & Tobago"]
[BlackTeam "Sri Lanka"]
[BlackTeamCountry "SRI"]

1. e4 d5 2. exd5 Qxd5 3. Nc3 Qd6 4. d4 Nf6 5. Bc4 c6 6. Nf3 Bg4 7. Be3 e6 8. h3 Bh5 9. Bb3 Nbd7 10. g4 ({RR} 10. Qe2 Be7 11. O-O-O O-O-O 12. g4 Bg6 13. Nh4 Nd5 14. Nxg6 hxg6 15. Ne4 Qc7 16. Bd2 b5 17. Qf3 N7f6 18. Ng5 Rhf8 19. c4 bxc4 20. Bxc4 Kb7 21. Kb1 Nb6 22. Bf4 Bd6 23. Bxd6 Rxd6 24. Bb3 Rfd8 {1-0 Bachmann,A (2618)-Hasangatin,R (2457) Titled Tue 27th Dec Early 2022 (10)}) 10... Bg6 11. Nh4 $146 ({RR} 11. Qe2 Ne4 12. Nxe4 Bxe4 13. O-O-O Be7 14. Rhe1 O-O 15. Ne5 Nxe5 16. dxe5 Qxe5 17. Bd2 Qh2 18. Qxe4 Qxf2 19. Rf1 Qh4 20. Qf3 a5 21. a4 Bg5 22. Kb1 Bxd2 23. Rxd2 Rad8 24. Rxd8 Qxd8 25. Rd1 Qb6 {1-0 Ammon,F (1682)-Meindl,A (1713) Regionalliga NO 1213 2012 (6.8)}) 11... O-O-O 12. Nxg6 hxg6 13. Qe2 Qc7 14. a3 Bd6 15. O-O-O Nb6 16. Kb1 Nbd5 17. Nxd5 exd5 18. Qf3 b5 19. Bg5 Be7 20. Rhe1 Ne4 21. Bxe7 Qxe7 22. Re3 Qf6 23. Qxf6 gxf6 24. Rf3 Rd6 25. Rdd3 Re6 26. Ka2 Ng5 27. Rg3 Re2 28. f4 Ne6 29. f5 Nf4 30. Rdf3 g5 31. Rc3 Kd7 32. a4 a6 33. Ka3 Re4 34. Rce3 Rxd4 35. c3 Rd2 36. a5 Kd6 37. Re1 Nd3 38. Rb1 Re8 39. h4 gxh4 40. Rh3 Ree2 41. Rxh4 Nxb2 42. Rh6 Nc4+ 43. Bxc4 dxc4 44. Rxf6+ Kc5 45. Ra1 Rc2 46. Rxc6+ Kxc6 47. Kb4 Rb2+ 48. Ka3 Rb3# 0-1